| 000 | 00427nam a22001577a 4500 | ||
|---|---|---|---|
| 003 | NUST | ||
| 038 | _aSaba | ||
| 082 |
_a004 _bMCS |
||
| 100 |
_aFahd, Shah _935027 |
||
| 245 |
_aCorrelaion Power Analysis of Modes of Encryption _cShah Fahd |
||
| 260 |
_aIslamabad: _bMCS-NUST, _c2016. |
||
| 300 | _a118p. | ||
| 650 |
_aInformation Security - Correlation Power _935028 |
||
| 700 |
_aDr. Mahreen Afzal _935029 |
||
| 942 |
_2ddc _cTHE |
||
| 999 |
_c540810 _d540810 |
||